Statistiques concernant Quelle classe animale?

Cliquez ici pour prendre le quiz!

Statistiques générales

  • Ce quiz a été pris 506 fois
  • Le résultat moyen est 13 sur 25

Statistiques - réponses

HintRéponse% Correct
Raie MantaPoissons
80%
VaranReptiles
76%
BusardOiseaux
73%
BasilicReptiles
71%
MerlanPoissons
66%
AxolotlAmphibiens
61%
BélugaMammifères
60%
MaraboutOiseaux
59%
QuetzalOiseaux
59%
ÉchidnéMammifères
58%
TritonAmphibiens
57%
CardinalOiseaux
56%
TamiaMammifères
52%
CarcajouMammifères
50%
OrvetReptiles
50%
SalamandreAmphibiens
48%
AiglefinPoissons
45%
SitelleOiseaux
44%
KoudouMammifères
43%
MôlePoissons
42%
GavialReptiles
39%
GoralMammifères
30%
Alyte accoucheurAmphibiens
23%
ÉmydeReptiles
14%
LophophoreOiseaux
11%

Distribution des résultats

Percentile par nombre de réponses

% des personnes avec chaque résultat

Votre développement - résultats

Vous n’avez pas pris ce quiz